| 000 | 00943nam a2200241 a 4500 | ||
|---|---|---|---|
| 999 |
_c10295 _d10295 |
||
| 001 | 10295 | ||
| 003 | BD-JhCC | ||
| 005 | 20180423172347.0 | ||
| 008 | 180423s1992 bg a|||| |||| 000 0 mul d | ||
| 035 | _a(BD-JhCC)10295 | ||
| 040 |
_aBD-JhCC _dBD-JhCC |
||
| 041 | _aBengali and English | ||
| 082 |
_a321.8 _bZIA 1992 |
||
| 100 | _aজিয়া, বেগম খালেদা | ||
| 245 |
_aগণতন্ত্রের সংগ্রাম : _bStruggle for Democracy / _cবেগম খালেদা জিয়া ; এ এম জহিরউদ্দিন খান [সম্পা:] |
||
| 260 |
_aঢাকা : _bজাতীয়তাবদী প্রকাশন ট্রাস্ট, _c1992. |
||
| 300 |
_a200 P. : _bill. ; _c30 cm. |
||
| 500 | _aPhotographs by Lutfar Rahman Binu | ||
| 650 | _aDemocracy | ||
| 700 | _aখান, এ এম জহিরউদ্দিন | ||
| 942 |
_2ddc _cBK |
||